Statistics for Countries that have Controlled Athens

Click here to take the quiz!

General Stats

  • This quiz has been taken 47 times
  • The average score is 9 of 11

Answer Stats

Answer% Correct
Ottoman Empire
100%
Rome
98%
Greece
95%
Byzantine Empire
84%
Germany
84%
Macedonian Empire
84%
Athens
80%
Eastern Roman Empire
73%
Roman Empire
73%
Venice
55%
Latin Empire
36%

Score Distribution

Percentile by Number Answered

Percent of People with Each Score

Your Score History

You have not taken this quiz